Statistics for Periodni sustav elemenata

Click here to take the quiz!

General Stats

  • This quiz has been taken 800 times
  • The average score is 37 of 118

Answer Stats

#SymbolElement% Correct
8OKisik
94%
1HVodik
92%
79AuZlato
85%
47AgSrebro
82%
2HeHelij
79%
20CaKalcij
79%
19KKalij
79%
7NDušik
78%
26FeŽeljezo
77%
6CUgljik
75%
29CuBakar
72%
16SSumpor
72%
11NaNatrij
70%
12MgMagnezij
69%
13AlAluminij
64%
3LiLitij
63%
53IJod
62%
17ClKlor
62%
5BBor
61%
80HgŽiva
61%
15PFosfor
60%
35BrBrom
59%
30ZnCink
55%
9FFluor
53%
10NeNeon
52%
82PbOlovo
48%
18ArArgon
47%
54XeKsenon
47%
14SiSilicij
45%
4BeBerilij
44%
25MnMangan
44%
88RaRadij
42%
92UUranij
42%
78PtPlatina
39%
56BaBarij
37%
24CrKrom
34%
32GeGermanij
33%
28NiNikal
33%
27CoKobalt
32%
36KrKripton
31%
94PuPlutonij
31%
86RnRadon
31%
34SeSelenij
31%
22TiTitanij
31%
33AsArsen
30%
87FrFrancij
30%
31GaGalij
30%
50SnKositar
30%
23VVanadij
30%
84PoPolonij
29%
55CsCezij
28%
38SrStroncij
27%
95AmAmericij
25%
99EsEinsteinij
24%
42MoMolibden
24%
46PdPaladij
24%
37RbRubidij
24%
74WVolfram
24%
57LaLantan
23%
77IrIridij
22%
93NpNeptunij
22%
51SbAntimon
21%
85AtAstat
21%
49InIndij
21%
98CfKalifornij
21%
21ScSkandij
21%
63EuEuropij
20%
39YItrij
20%
73TaTantal
20%
40ZrCirkonij
19%
48CdKadmij
19%
81TlTalij
19%
52TeTelurij
18%
89AcAktinij
17%
102NoNobelij
17%
83BiBizmut
16%
96CmKurij
16%
76OsOsmij
16%
44RuRutenij
16%
101MdMendelevij
15%
75ReRenij
15%
107BhBohrij
14%
41NbNiobij
14%
45RhRodij
14%
104RfRutherfordij
14%
43TcTehnecij
14%
68ErErbij
13%
70YbIterbij
13%
71LuLutecij
13%
115McMoskovij
13%
118OgOganeson
13%
97BkBerkelij
12%
58CeCerij
12%
100FmFermij
12%
72HfHafnij
12%
103LrLavrencij
12%
59PrPraseodimij
12%
61PmPrometij
12%
90ThTorij
12%
110DsDarmstadtij
11%
67HoHolmij
11%
112CnKopernicij
11%
60NdNeodimij
11%
105DbDubnij
10%
64GdGadolinij
10%
65TbTerbij
10%
116LvLivermorij
9%
91PaProtaktinij
9%
62SmSamarij
9%
117TsTenesin
9%
69TmTulij
9%
66DyDisprozij
8%
108HsHasij
8%
109MtMeitnerij
8%
113NhNihonij
8%
111RgRoentgenij
8%
106SgSeaborgij
8%
114FlFlerovij
7%

Score Distribution

Percentile by Number Answered

Percent of People with Each Score

Your Score History

You have not taken this quiz